000 00750cam a2200229 a 4500
001 000003953
005 20200929150635.0
008 980917s1999 sp 001 f spa
020 _a8401011949
040 _aDO-SdBNP
_cMCP
_dIEP
_dSVP
_dNRM
_dDLC
082 _a813.54
_bK52u, 1999
100 1 _aKing, Stephen,
_d1947-
_911889
245 1 0 _aUn saco de huesos /
_cStephen King ; traducción, María Eugenia Ciocchini.
250 _a2a ed.
260 _aBarcelona :
_bPlaza & Janés,
_c1999.
300 _a605 P. ;
_c22 cm.
534 _aTítulo original: Bag of bones
650 4 _aNovela estadounidense
_9262
650 4 _aLiteratura estadounidense
_9263
700 1 _aCiocchini, María Eugenia,
_etr.
_911890
910 _aCatalogación por copia / LC
999 _c3772
_d3772